00359nam a2200133 a 450000100080000000500110000800800410001910000530006024500540011326000250016730000110019265000130020365300090021615025692024-09-18 1977 bl uuuu 00u1 u #d1 aACRE (Estado). Secretaria do Fomento Econômico. aPlano operativo do sistema do fomento econômico. aRio Branco, ACc1977 a270 p. aEconomia aAcre